000
002750000a22001090004500
090
_a
As
_b
Seriadas
245
1
0
_a
Origen de las aves
_s
dos escuelas
041
0
_a
Español
100
1
_a
Cuadros, Tomás
_9
21617
942
_c
ARTICULO
773
1
_t
Boletín SAO
_h
16-17
_q
69-74
_d
1998
_g
9
999
_c
15747
_d
15747